Statistiche per Classifica ATP 2017

Clicka qui per fare il quiz!

Statistiche generali

  • Questo quiz è stato fatto 4 volte
  • Il punteggio medio è 8 su 15

Statistiche sulle risposte

NazionePunteggioTennista% Corretto
Austria4015Dominic Thiem
100%
Bulgaria5150Grigor Dimitrov
100%
Croazia3805Maric Cilic
100%
Spagna10645Rafel Nadal
100%
Svizzera9605Roger Federer
100%
Germania4610Alexander Zverev
75%
Argentina2595Juan Martin Del Potro
75%
Sudafrica2480Kevin Anderson
50%
Serbia2585Novak Djokovic
50%
Svizzera3150Stan Wawrinka
50%
Francia2320Jo-Wilfried Tsonga
25%
Belgio3775David Goffin
0%
Stati Uniti3165Jack Sock
0%
Spagna2615Pablo Carreno-Busta
0%
Stati Uniti2535Sam Querrey
0%

Distribuzione punteggi

Percentile per numero di risposta

Percentuale di utenti per punteggio

I tuoi punteggi nel tempo

Non hai fatto questo quiz